00441nam a2200169Ia 4500003000400000005001700004008004100021020002600062040001700088082002000105100001900125245005000144260002800194300001000222650001400232650002500246IIN20240202115706.0231217s9999 xx 000 0 und d cRs.250.00a8180614190 aIINbEnglish a610.73072 bIND1 aIndrani, T.K. 1 aResearch Methodology for NursescT.K. Indrani bJaypeeaNew Delhic2005 a58 p.1 aResearch 1 aResearch Methodology